000 00724nam a22002531 4500
001 16237
003 BD-RjUL
005 20211209000001.0
008 140213s1951 enka 000 0 eng
035 _a(BD-RjUL)16292
035 _a(OCoLC)2237171
040 _aDLC
_cGU
_dUk
_dDLC
_dDLC
_dBD-RjUL
_beng
041 _aeng
082 _a301.1523
_bHAT 1951
100 1 _aHarvey, Ian.
_950227
245 1 4 _aThe technique of persuasion :
_ban essay in human relationships /
_cIan Harvey
260 _aLondon :
_bFalcon Press,
_cc1951.
300 _avii, 198 p. :
_bill. ;
_c21 cm.
650 0 _aPropaganda.
_910379
650 0 _aPower (Social sciences)
_95142
942 _2ddc
_cBK
999 _c16237
_d16237